<?xml version="1.0" encoding="UTF-8"?><?xml-stylesheet type="text/xsl" href="static/style.xsl"?><OAI-PMH xmlns="http://www.openarchives.org/OAI/2.0/" xmlns:xsi="http://www.w3.org/2001/XMLSchema-instance" xsi:schemaLocation="http://www.openarchives.org/OAI/2.0/ http://www.openarchives.org/OAI/2.0/OAI-PMH.xsd"><responseDate>2026-04-13T00:52:14Z</responseDate><request verb="GetRecord" identifier="oai:www.recercat.cat:2072/456774" metadataPrefix="marc">https://recercat.cat/oai/request</request><GetRecord><record><header><identifier>oai:recercat.cat:2072/456774</identifier><datestamp>2024-11-01T00:28:30Z</datestamp><setSpec>com_2072_98</setSpec><setSpec>col_2072_378192</setSpec></header><metadata><record xmlns="http://www.loc.gov/MARC21/slim" xmlns:dcterms="http://purl.org/dc/terms/" xmlns:xsi="http://www.w3.org/2001/XMLSchema-instance" xmlns:doc="http://www.lyncode.com/xoai" xsi:schemaLocation="http://www.loc.gov/MARC21/slim http://www.loc.gov/standards/marcxml/schema/MARC21slim.xsd">
   <leader>00925njm 22002777a 4500</leader>
   <datafield ind2=" " ind1=" " tag="042">
      <subfield code="a">dc</subfield>
   </datafield>
   <datafield ind2=" " ind1=" " tag="720">
      <subfield code="a">Andreu Sánchez, Celia</subfield>
      <subfield code="e">author</subfield>
   </datafield>
   <datafield ind2=" " ind1=" " tag="720">
      <subfield code="a">Martín-Pascual, Miguel Ángel</subfield>
      <subfield code="e">author</subfield>
   </datafield>
   <datafield ind2=" " ind1=" " tag="260">
      <subfield code="c">2014</subfield>
   </datafield>
   <datafield ind2=" " ind1=" " tag="520">
      <subfield code="a">Asistimos a una nueva manera de distribuir los contenidos a través de múltiples plataformas. En el contexto actual, la narración ha dejado de producirse en exclusiva para un medio audiovisual concreto, para empezar a hacerlo a través de varios y complementarios medios o plataformas. Por ello, el diseño de este tipo de narrativas debe ser incluido en los proyectos docentes universitarios que trabajen con estudiantes del área de la Comunicación Audiovisual, la Publicidad y el Periodismo. Presentamos un caso de estudio real en el que los alumnos de una asignatura de cuarto curso del grado de Comunicación Audiovisual en la Universitat Autònoma de Barcelona, diseñan y producen una narrativa transmedia de ficción con distribución de contenidos a través de web, red social, televisión y aplicación móvil propia. El resultado de este proyecto es la distribución profesional de diez narrativas audiovisuales transmedia, realizadas por estudiantes universitarios y dirigidas a prosumidores reales actuales.</subfield>
   </datafield>
   <datafield ind2=" " ind1=" " tag="520">
      <subfield code="a">A new way to distribute the contents across multiple platforms is taking place in audiovisual industry. In the current context, the story has stopped of being produced exclusively to a particular audiovisual platform, to start doing through various and complementary media or platforms. Therefore, the design of such narratives should be included in university teaching projects that work with students in the area of Audiovisual Communication, Advertising and Journalism. We present a real case study in which students in a fourth-year subject of the degree of Audiovisual Communication at Universitat Autònoma de Barcelona, design and produce a transmedia narrative fiction content with distribution through web, social networking, television and mobile application. The result of this project is the professional distribution of ten transmedia narratives, performed by university students and aimed at actual current prosumers.</subfield>
   </datafield>
   <datafield ind1="8" ind2=" " tag="024">
      <subfield code="a">http://hdl.handle.net/2072/456774</subfield>
   </datafield>
   <datafield tag="653" ind2=" " ind1=" ">
      <subfield code="a">Transmedia</subfield>
   </datafield>
   <datafield tag="653" ind2=" " ind1=" ">
      <subfield code="a">Narrativas multiplataforma</subfield>
   </datafield>
   <datafield tag="653" ind2=" " ind1=" ">
      <subfield code="a">Aplicaciones móviles</subfield>
   </datafield>
   <datafield tag="653" ind2=" " ind1=" ">
      <subfield code="a">Ios</subfield>
   </datafield>
   <datafield tag="653" ind2=" " ind1=" ">
      <subfield code="a">Prosumidor</subfield>
   </datafield>
   <datafield tag="653" ind2=" " ind1=" ">
      <subfield code="a">Multiplatform narratives</subfield>
   </datafield>
   <datafield tag="653" ind2=" " ind1=" ">
      <subfield code="a">Mobile apps</subfield>
   </datafield>
   <datafield tag="653" ind2=" " ind1=" ">
      <subfield code="a">Prosumer</subfield>
   </datafield>
   <datafield ind2="0" ind1="0" tag="245">
      <subfield code="a">El Transmedia audiovisual en el aula universitaria</subfield>
   </datafield>
</record></metadata></record></GetRecord></OAI-PMH>